[Event "SF Olfen 1-Schach Nienberge 2"]
[Site "?"]
[Date "2023.09.23"]
[Round "1.2"]
[White "Preuss, Richard"]
[Black "Van Ackeren, Franz"]
[Result "0-1"]
[WhiteElo "1762"]
[BlackElo "2093"]
[PlyCount "92"]
[EventDate "2023.??.??"]
[SourceTitle "Verband Muensterland"]
[SourceDate "2023.10.23"]
[SourceVersion "1"]
[SourceVersionDate "2023.10.23"]
[SourceQuality "1"]
[WhiteTeam "Olfen"]
[BlackTeam "Nienberge II"]
[WhiteTeamCountry "GER"]
[BlackTeamCountry "GER"]

1. e4 g6 2. Nf3 Bg7 3. d4 d6 4. Be3 c5 5. c3 Qa5 6. Bc4 cxd4 7. Bxd4 Bxd4 8.
Qxd4 Nf6 9. O-O Nc6 10. Qe3 O-O 11. Nbd2 Bg4 12. h3 Bxf3 13. Nxf3 Rac8 14. Bb3
a6 15. Rad1 Kg7 16. Rfe1 Ne5 17. Nxe5 dxe5 18. Rd2 Rfd8 19. Red1 Rxd2 20. Rxd2
Qb5 21. f3 a5 22. Kf2 b6 23. Qd3 Qc5+ 24. Qe3 Qb5 25. Bd1 Qc6 26. Be2 a4 27. a3
Rb8 28. c4 h6 29. Kf1 Qc5 30. Qc3 Rc8 31. Qb4 Ra8 32. Qxc5 bxc5 33. Bd1 Kf8 34.
h4 h5 35. Kf2 Ke8 36. Ke3 Ra5 37. g4 Ra6 38. gxh5 gxh5 39. f4 exf4+ 40. Kxf4
Nd7 41. Bxh5 Rf6+ 42. Kg5 Nf8 43. Bd1 Ne6+ 44. Kh5 Rg6 45. Bxa4+ Kf8 46. Rd8+
Nxd8 0-1

[Event "SF Olfen 1-Schach Nienberge 2"]
[Site "?"]
[Date "2023.09.23"]
[Round "1.3"]
[White "Van de Vyle, Jan"]
[Black "Beutelhoff, Josef"]
[Result "1/2-1/2"]
[WhiteElo "1848"]
[BlackElo "2038"]
[PlyCount "45"]
[EventDate "2023.??.??"]
[SourceTitle "Verband Muensterland"]
[SourceDate "2023.10.23"]
[SourceVersion "1"]
[SourceVersionDate "2023.10.23"]
[SourceQuality "1"]
[WhiteTeam "Nienberge II"]
[BlackTeam "Olfen"]
[WhiteTeamCountry "GER"]
[BlackTeamCountry "GER"]

1. e4 e6 2. d4 d5 3. Nc3 Bb4 4. e5 c5 5. Bd2 cxd4 6. Nb5 Bc5 7. Qg4 Kf8 8. b4
Be7 9. Nxd4 Nc6 10. Nxc6 bxc6 11. Bd3 f5 12. Qe2 c5 13. c3 a5 14. bxc5 Bxc5 15.
Nf3 h6 16. O-O g6 17. Rab1 Rh7 18. Rb5 Qc7 19. Rb2 Rb8 20. Rfb1 Rxb2 21. Rxb2
Qa7 22. Be1 Rb7 23. Qc2 1/2-1/2

[Event "SF Olfen 1-Schach Nienberge 2"]
[Site "?"]
[Date "2023.09.23"]
[Round "1.4"]
[White "Heimann, Karsten"]
[Black "Scharlow, Siegmar"]
[Result "1-0"]
[WhiteElo "1648"]
[BlackElo "1699"]
[PlyCount "81"]
[EventDate "2023.??.??"]
[SourceTitle "Verband Muensterland"]
[SourceDate "2023.10.23"]
[SourceVersion "1"]
[SourceVersionDate "2023.10.23"]
[SourceQuality "1"]
[WhiteTeam "Olfen"]
[BlackTeam "Nienberge II"]
[WhiteTeamCountry "GER"]
[BlackTeamCountry "GER"]

1. e4 c5 2. Nf3 Nc6 3. d4 cxd4 4. Nxd4 g6 5. Nc3 Bg7 6. Be3 Nf6 7. Be2 d5 8.
exd5 Nxd5 9. Nxd5 Qxd5 10. Bf3 Qa5+ 11. c3 Nxd4 12. Bxd4 Bxd4 13. Qxd4 e5 14.
Qd6 Be6 15. Bxb7 Rd8 16. Bc6+ Bd7 17. Rd1 Bxc6 18. Qxc6+ Ke7 19. Rxd8 Rxd8 20.
Qc4 Qd5 21. Qxd5 Rxd5 22. Ke2 f5 23. Rd1 Ra5 24. a3 Ke6 25. c4 Ke7 26. Rd3 Rc5
27. b3 f4 28. Kf3 Ra5 29. Ke4 Kf6 30. b4 Ra6 31. c5 Ke6 32. Rc3 Rc6 33. b5 Rc8
34. a4 Rd8 35. Rd3 Rxd3 36. Kxd3 Kd5 37. b6 e4+ 38. Kc3 axb6 39. cxb6 Kc6 40.
a5 e3 41. fxe3 1-0

[Event "SF Olfen 1-Schach Nienberge 2"]
[Site "?"]
[Date "2023.09.23"]
[Round "1.5"]
[White "Rath, Josef"]
[Black "Hof, Frank"]
[Result "1/2-1/2"]
[WhiteElo "1699"]
[BlackElo "1549"]
[PlyCount "142"]
[EventDate "2023.??.??"]
[SourceTitle "Verband Muensterland"]
[SourceDate "2023.10.23"]
[SourceVersion "1"]
[SourceVersionDate "2023.10.23"]
[SourceQuality "1"]
[WhiteTeam "Nienberge II"]
[BlackTeam "Olfen"]
[WhiteTeamCountry "GER"]
[BlackTeamCountry "GER"]

1. d4 e6 2. c4 Nf6 3. Nf3 c5 4. g3 Nc6 5. Bg2 cxd4 6. Nxd4 Bb4+ 7. Nc3 Bxc3+ 8.
bxc3 a6 9. Bf4 Qa5 10. Qd3 Ne5 11. Bxe5 Qxe5 12. Nb3 O-O 13. O-O Rb8 14. c5 Rd8
15. Rfd1 Ne8 16. Rd2 d5 17. e4 Nf6 18. exd5 exd5 19. Qd4 Qh5 20. h4 Bg4 21. Re1
Re8 22. Rc1 Bf3 23. Qf4 Bxg2 24. Kxg2 Rbd8 25. Nd4 Ne4 26. Rb2 Nxc5 27. Qd2 b5
28. Nc6 Rd6 29. Nd4 Rg6 30. Nf3 Ne4 31. Qd3 Rd6 32. Rb4 Red8 33. Rd4 f5 34. Qe3
Rf8 35. Qf4 Rfd8 36. Qe5 Qg6 37. Rc2 Qe6 38. Qxe6+ Rxe6 39. Nd2 Red6 40. Nxe4
dxe4 41. Rxd6 Rxd6 42. c4 Rc6 43. Kf1 bxc4 44. Ke2 Kf7 45. Ke3 Ke6 46. Kd4 Rd6+
47. Kxc4 Rc6+ 48. Kb3 Rxc2 49. Kxc2 Kd5 50. Kd1 Kd4 51. Kd2 g6 52. Ke2 h6 53.
a3 a5 54. a4 Kc4 55. Ke3 g5 56. hxg5 hxg5 57. g4 f4+ 58. Kxe4 Kb4 59. Kf5 Kxa4
60. Kxg5 Kb4 61. Kxf4 a4 62. g5 a3 63. g6 a2 64. g7 a1=Q 65. g8=Q Qd4+ 66. Kg3
Qe5+ 67. Kg2 Qe4+ 68. Kh2 Qh4+ 69. Kg1 Qe4 70. Qg3 Qe1+ 71. Kh2 Kc5 1/2-1/2

[Event "SF Olfen 1-Schach Nienberge 2"]
[Site "?"]
[Date "2023.09.23"]
[Round "1.6"]
[White "Huening, Matthias"]
[Black "Everke, Enrique"]
[Result "1-0"]
[WhiteElo "1359"]
[BlackElo "1673"]
[PlyCount "79"]
[EventDate "2023.??.??"]
[SourceTitle "Verband Muensterland"]
[SourceDate "2023.10.23"]
[SourceVersion "1"]
[SourceVersionDate "2023.10.23"]
[SourceQuality "1"]
[WhiteTeam "Olfen"]
[BlackTeam "Nienberge II"]
[WhiteTeamCountry "GER"]
[BlackTeamCountry "GER"]

1. e4 c5 2. Nc3 e6 3. Bc4 Nc6 4. Nf3 a6 5. a3 b5 6. Ba2 Bb7 7. d3 Be7 8. Bf4 d6
9. Qd2 Nf6 10. h3 Rc8 11. O-O O-O 12. Rfe1 Na5 13. b4 cxb4 14. axb4 Nc6 15.
Rab1 Qc7 16. Rb3 Nd7 17. Ne2 Nde5 18. Nfd4 Nd8 19. Rc1 Qd7 20. Bxe5 dxe5 21.
Nf3 Bf6 22. Rc3 Nc6 23. Ng3 g6 24. Rc5 Qe7 25. Rb1 Rcd8 26. Qe3 Rd7 27. c4 bxc4
28. Bxc4 Rfd8 29. Rb3 a5 30. bxa5 Nd4 31. Nxd4 exd4 32. Qf4 Qxc5 33. Qxf6 Qxa5
34. Rb5 Qa1+ 35. Kh2 Ba6 36. Nh5 gxh5 37. Rg5+ Kf8 38. Bxe6 Qb2 39. Bxd7 Rxd7
40. Re5 1-0

[Event "SF Olfen 1-Schach Nienberge 2"]
[Site "?"]
[Date "2023.09.23"]
[Round "1.7"]
[White "Volpert, Juri"]
[Black "Eckmann, Markus"]
[Result "1-0"]
[WhiteElo "1553"]
[BlackElo "1331"]
[PlyCount "59"]
[EventDate "2023.??.??"]
[SourceTitle "Verband Muensterland"]
[SourceDate "2023.10.23"]
[SourceVersion "1"]
[SourceVersionDate "2023.10.23"]
[SourceQuality "1"]
[WhiteTeam "Nienberge II"]
[BlackTeam "Olfen"]
[WhiteTeamCountry "GER"]
[BlackTeamCountry "GER"]

1. e4 b6 2. d4 Bb7 3. Bd3 e6 4. Nf3 Be7 5. c4 d6 6. Nc3 Nd7 7. b3 c5 8. d5 e5
9. Be3 Ngf6 10. Qd2 a6 11. h3 Nf8 12. Ne2 Ng6 13. Ng3 O-O 14. O-O Bc8 15. b4
Bd7 16. a4 Qc8 17. Nf5 Bxf5 18. exf5 e4 19. fxg6 fxg6 20. Ng5 exd3 21. Ne6 Rf7
22. bxc5 Ne4 23. Qxd3 Nxc5 24. Bxc5 bxc5 25. f4 Rb8 26. f5 gxf5 27. Rxf5 Bf6
28. Raf1 Bd4+ 29. Nxd4 Rxf5 30. Nxf5 1-0

[Event "Südlohner SV 2-SF Telgte 1"]
[Site "?"]
[Date "2023.09.23"]
[Round "1.1"]
[White "Pohl, Tim"]
[Black "Sparwel, Oliver"]
[Result "1-0"]
[WhiteElo "1585"]
[BlackElo "1980"]
[PlyCount "67"]
[EventDate "2023.??.??"]
[SourceTitle "Verband Muensterland"]
[SourceDate "2023.10.23"]
[SourceVersion "1"]
[SourceVersionDate "2023.10.23"]
[SourceQuality "1"]
[WhiteTeam "Telgte"]
[BlackTeam "Suedlohn II"]
[WhiteTeamCountry "GER"]
[BlackTeamCountry "GER"]

1. e4 d6 2. d4 Nf6 3. Nc3 c6 4. Bf4 g6 5. Qd2 Bg7 6. f3 h5 7. h4 b5 8. O-O-O
Qa5 9. Kb1 b4 10. Nce2 Be6 11. Nc1 Nbd7 12. Nh3 Bxh3 13. gxh3 Qb6 14. e5 dxe5
15. dxe5 Nd5 16. e6 fxe6 17. Bd3 O-O-O 18. Nb3 a5 19. Bc4 a4 20. Bxd5 exd5 21.
Be3 Qb7 22. Nc5 Nxc5 23. Bxc5 b3 24. cxb3 axb3 25. a3 e5 26. Qd3 d4 27. Rc1 Rd5
28. Rhg1 Bh6 29. Rc4 Qb5 30. a4 Qa5 31. Ba3 Be3 32. Qxg6 Bxg1 33. Qxc6+ Kd8 34.
Qf6+ 1-0

[Event "Südlohner SV 2-SF Telgte 1"]
[Site "?"]
[Date "2023.09.23"]
[Round "1.2"]
[White "Harbers, Gerard"]
[Black "Almohammad, Abbas"]
[Result "1/2-1/2"]
[WhiteElo "1874"]
[BlackElo "1782"]
[PlyCount "65"]
[EventDate "2023.??.??"]
[SourceTitle "Verband Muensterland"]
[SourceDate "2023.10.23"]
[SourceVersion "1"]
[SourceVersionDate "2023.10.23"]
[SourceQuality "1"]
[WhiteTeam "Suedlohn II"]
[BlackTeam "Telgte"]
[WhiteTeamCountry "GER"]
[BlackTeamCountry "GER"]

1. e4 c5 2. Nf3 d6 3. d4 cxd4 4. Nxd4 Nf6 5. Nc3 a6 6. Be2 e5 7. Nb3 Be6 8. Be3
Be7 9. Nd5 Nxd5 10. exd5 Bf5 11. Qd2 O-O 12. O-O Nd7 13. a4 Rc8 14. c4 Nf6 15.
f3 Qd7 16. Rfc1 h5 17. Rc3 Rfe8 18. Qe1 Bf8 19. Nd2 e4 20. f4 g6 21. Bd4 Bg7
22. Nf1 Qc7 23. Ne3 Bd7 24. Qh4 Qd8 25. a5 Qe7 26. Qg5 Bg4 27. Bxg4 Nxg4 28.
Bxg7 Qxg5 29. fxg5 Nxe3 30. Rxe3 Kxg7 31. b3 Re5 32. Rae1 Rce8 33. b4 1/2-1/2

[Event "Südlohner SV 2-SF Telgte 1"]
[Site "?"]
[Date "2023.09.23"]
[Round "1.3"]
[White "Kuhlenbaeumer, Alfred"]
[Black "Emming, Benedikt"]
[Result "1/2-1/2"]
[WhiteElo "1988"]
[BlackElo "1786"]
[PlyCount "62"]
[EventDate "2023.??.??"]
[SourceTitle "Verband Muensterland"]
[SourceDate "2023.10.23"]
[SourceVersion "1"]
[SourceVersionDate "2023.10.23"]
[SourceQuality "1"]
[WhiteTeam "Telgte"]
[BlackTeam "Suedlohn II"]
[WhiteTeamCountry "GER"]
[BlackTeamCountry "GER"]

1. e4 c5 2. Nf3 Nf6 3. Nc3 Nc6 4. d3 e5 5. Bg5 Be7 6. Qd2 d6 7. Bxf6 Bxf6 8.
Nd5 O-O 9. c3 Be6 10. Nxf6+ Qxf6 11. h4 a6 12. Ng5 b5 13. Be2 b4 14. h5 bxc3
15. bxc3 Rab8 16. Nxe6 fxe6 17. O-O Qf4 18. Qc2 g6 19. g3 Qg5 20. hxg6 hxg6 21.
Rab1 Na7 22. Rxb8 Rxb8 23. a4 a5 24. Kg2 Nc6 25. Qa2 Qe7 26. Bg4 Nd8 27. Rb1
Rxb1 28. Qxb1 Qc7 29. Qb5 Kf7 30. Kh3 Nc6 31. Qc4 Nd8 1/2-1/2

[Event "Südlohner SV 2-SF Telgte 1"]
[Site "?"]
[Date "2023.09.23"]
[Round "1.4"]
[White "Schmeing, Walter"]
[Black "Esser, Peter"]
[Result "1/2-1/2"]
[WhiteElo "1779"]
[BlackElo "1767"]
[PlyCount "89"]
[EventDate "2023.??.??"]
[SourceTitle "Verband Muensterland"]
[SourceDate "2023.10.23"]
[SourceVersion "1"]
[SourceVersionDate "2023.10.23"]
[SourceQuality "1"]
[WhiteTeam "Suedlohn II"]
[BlackTeam "Telgte"]
[WhiteTeamCountry "GER"]
[BlackTeamCountry "GER"]

1. e4 c6 2. Nf3 d5 3. Nc3 Bg4 4. h3 Bxf3 5. Qxf3 e6 6. d4 Nd7 7. Bf4 dxe4 8.
Nxe4 Ndf6 9. Nxf6+ Nxf6 10. O-O-O Qd5 11. Qxd5 Nxd5 12. Be5 f6 13. Bg3 Kd7 14.
c4 Ne7 15. Bd3 g6 16. Bc2 Bh6+ 17. Kb1 Nf5 18. Bh2 Rad8 19. g4 Nd6 20. b3 Kc8
21. Rhe1 Rhe8 22. f4 f5 23. Re2 Bg7 24. Bg1 b6 25. Bf2 Bf6 26. Rde1 Kd7 27. Bd3
Rc8 28. a4 Nb7 29. d5 Nc5 30. Bxc5 bxc5 31. dxe6+ Ke7 32. gxf5 Red8 33. Kc2
gxf5 34. Bxf5 h6 35. Rd2 Bd4 36. Rg2 Rg8 37. Ree2 Rxg2 38. Rxg2 Rf8 39. Be4
Rxf4 40. Bxc6 Kxe6 41. Rg6+ Rf6 42. Rxf6+ Kxf6 43. Kd3 a5 44. Ke4 Bc3 45. Kd5
1/2-1/2

[Event "Südlohner SV 2-SF Telgte 1"]
[Site "?"]
[Date "2023.09.23"]
[Round "1.5"]
[White "Stepa, Rainer"]
[Black "Richters, Alfred"]
[Result "0-1"]
[WhiteElo "1857"]
[BlackElo "1843"]
[PlyCount "98"]
[EventDate "2023.??.??"]
[SourceTitle "Verband Muensterland"]
[SourceDate "2023.10.23"]
[SourceVersion "1"]
[SourceVersionDate "2023.10.23"]
[SourceQuality "1"]
[WhiteTeam "Telgte"]
[BlackTeam "Suedlohn II"]
[WhiteTeamCountry "GER"]
[BlackTeamCountry "GER"]

1. e4 e6 2. d4 d5 3. Bd3 Nf6 4. e5 Nfd7 5. Nf3 c5 6. Be3 cxd4 7. Bxd4 Nc6 8.
Bb5 Nxd4 9. Qxd4 Qa5+ 10. Nc3 Bb4 11. O-O Bxc3 12. Bxd7+ Bxd7 13. bxc3 Rc8 14.
Rfb1 Rc4 15. Qd2 Qc7 16. Nd4 b6 17. a4 O-O 18. Nb5 Bxb5 19. axb5 Rxc3 20. Rxa7
Qxe5 21. Rb7 Rfc8 22. f4 Qd6 23. Rb2 Qc5+ 24. Qf2 Qxf2+ 25. Kxf2 Rxc2+ 26. Rxc2
Rxc2+ 27. Ke3 Kf8 28. Kd4 f6 29. Rxb6 Rc4+ 30. Kd3 Ke7 31. Rb7+ Kd6 32. Rxg7
Rxf4 33. Rxh7 Rb4 34. Rb7 Ke5 35. Kc3 Rb1 36. h4 Kf5 37. Kd4 Rc1 38. g3 Rc4+
39. Ke3 Rc3+ 40. Kf2 d4 41. b6 e5 42. Rg7 Rc2+ 43. Ke1 Rb2 44. b7 Ke4 45. h5
Ke3 46. Kf1 d3 47. h6 d2 48. Rd7 Rxb7 49. h7 Rxd7 0-1

[Event "Südlohner SV 2-SF Telgte 1"]
[Site "?"]
[Date "2023.09.23"]
[Round "1.6"]
[White "Boecker, Manfred"]
[Black "Rex, Dieter"]
[Result "1-0"]
[WhiteElo "2050"]
[BlackElo "1701"]
[PlyCount "49"]
[EventDate "2023.??.??"]
[SourceTitle "Verband Muensterland"]
[SourceDate "2023.10.23"]
[SourceVersion "1"]
[SourceVersionDate "2023.10.23"]
[SourceQuality "1"]
[WhiteTeam "Suedlohn II"]
[BlackTeam "Telgte"]
[WhiteTeamCountry "GER"]
[BlackTeamCountry "GER"]

1. d4 d5 2. c4 c6 3. cxd5 cxd5 4. Nc3 Nf6 5. Nf3 Nc6 6. Bg5 e6 7. e3 a6 8. Bd3
Be7 9. a3 O-O 10. h4 h6 11. Bxf6 Bxf6 12. Bc2 Be7 13. g4 e5 14. Nxe5 Nxe5 15.
dxe5 Bxh4 16. Qd3 g6 17. O-O-O Bxg4 18. Rdg1 Bh5 19. Nxd5 Kh8 20. Qe4 Rc8 21.
Rxh4 Rxc2+ 22. Kxc2 Qc8+ 23. Kb1 Qe6 24. Rxh5 gxh5 25. Nf6 1-0

[Event "Südlohner SV 2-SF Telgte 1"]
[Site "?"]
[Date "2023.09.23"]
[Round "1.7"]
[White "Knicknie, Patrick"]
[Black "Albers, Thomas"]
[Result "1/2-1/2"]
[WhiteElo "1772"]
[BlackElo "1772"]
[PlyCount "60"]
[EventDate "2023.??.??"]
[SourceTitle "Verband Muensterland"]
[SourceDate "2023.10.23"]
[SourceVersion "1"]
[SourceVersionDate "2023.10.23"]
[SourceQuality "1"]
[WhiteTeam "Telgte"]
[BlackTeam "Suedlohn II"]
[WhiteTeamCountry "GER"]
[BlackTeamCountry "GER"]

1. e4 e6 2. d4 d5 3. exd5 exd5 4. Bd3 Bd6 5. Nf3 Ne7 6. O-O Bf5 7. Bxf5 Nxf5 8.
Re1+ Ne7 9. Nbd2 O-O 10. Nf1 Nd7 11. Ne3 Nf6 12. Bd2 c6 13. c3 Qc7 14. Qc2 Ne4
15. Re2 Rfe8 16. Rae1 Rad8 17. c4 Nxd2 18. Qxd2 Bf4 19. Qd3 Qd7 20. cxd5 Bxe3
21. Qxe3 cxd5 22. Qb3 f6 23. h3 Kf7 24. Qd3 Ng6 25. Rxe8 Rxe8 26. Rxe8 Kxe8 27.
h4 Qg4 28. Qb5+ Qd7 29. Qd3 Qg4 30. Qb5+ Qd7 1/2-1/2

[Event "Südlohner SV 2-SF Telgte 1"]
[Site "?"]
[Date "2023.09.23"]
[Round "1.8"]
[White "Schmeing, Manfred"]
[Black "Schenke, Conrad"]
[Result "1/2-1/2"]
[WhiteElo "1688"]
[BlackElo "1709"]
[PlyCount "89"]
[EventDate "2023.??.??"]
[SourceTitle "Verband Muensterland"]
[SourceDate "2023.10.23"]
[SourceVersion "1"]
[SourceVersionDate "2023.10.23"]
[SourceQuality "1"]
[WhiteTeam "Suedlohn II"]
[BlackTeam "Telgte"]
[WhiteTeamCountry "GER"]
[BlackTeamCountry "GER"]

1. e4 e5 2. Nf3 Nc6 3. Bc4 Bc5 4. c3 d6 5. h3 Nf6 6. d4 exd4 7. O-O h6 8. cxd4
Bb6 9. Nc3 O-O 10. Be3 Re8 11. Bd3 Bd7 12. a3 a6 13. b4 Na7 14. Qd2 Nb5 15. e5
Nxc3 16. exf6 Ne4 17. Bxe4 Rxe4 18. fxg7 Qf6 19. Kh2 Rae8 20. Bxh6 Re2 21. Qg5
Bxd4 22. Nxd4 Qxd4 23. Qg3 Bc6 24. Rad1 Qf6 25. Bg5 Qxg7 26. Bh4 R8e6 27. Qxg7+
Kxg7 28. g4 Ra2 29. Ra1 Ree2 30. Kg1 Bd5 31. Bd8 c6 32. Bc7 Re6 33. Bb6 Kg6 34.
Rxa2 Bxa2 35. Be3 Bd5 36. Kh2 Re4 37. Rc1 f5 38. Kg3 fxg4 39. hxg4 Be6 40. g5
Rg4+ 41. Kf3 Kf5 42. Ke2 Bc4+ 43. Kf3 Bd5+ 44. Ke2 Bc4+ 45. Kf3 1/2-1/2

[Event "SC Rochade Emsdetten 2-SK Metelen 1"]
[Site "?"]
[Date "2023.09.23"]
[Round "1.2"]
[White "Fehlings, Gerd"]
[Black "Grotenhuis, Gerard"]
[Result "1/2-1/2"]
[WhiteElo "1728"]
[BlackElo "1954"]
[PlyCount "113"]
[EventDate "2023.??.??"]
[SourceTitle "Verband Muensterland"]
[SourceDate "2023.10.23"]
[SourceVersion "1"]
[SourceVersionDate "2023.10.23"]
[SourceQuality "1"]
[WhiteTeam "Emsdetten Rochade II"]
[BlackTeam "Metelen"]
[WhiteTeamCountry "GER"]
[BlackTeamCountry "GER"]

1. d4 d5 2. Nf3 c6 3. g3 f5 4. Bg2 Nf6 5. c4 e6 6. O-O Bd6 7. Qc2 O-O 8. b3 Qe7
9. Bb2 Ne4 10. Nbd2 Nd7 11. Ne5 Nxe5 12. dxe5 Bc5 13. e3 g5 14. Nxe4 fxe4 15.
Rfc1 Bb6 16. cxd5 exd5 17. Bd4 Bg4 18. a4 Rf5 19. h3 Bf3 20. a5 Bc7 21. a6 Bxe5
22. axb7 Qxb7 23. Bxe5 Rxe5 24. Qxc6 Qxc6 25. Rxc6 Kf7 26. Raa6 Be2 27. Rc7+
Re7 28. Rxe7+ Kxe7 29. Rh6 a5 30. Rxh7+ Kd6 31. Bf1 Bd3 32. Bxd3 exd3 33. Kf1
Rb8 34. Ra7 Rxb3 35. Ke1 Ra3 36. h4 gxh4 37. gxh4 Kc5 38. Kd2 Kb6 39. Rd7 Kc6
40. Ra7 Kb5 41. f4 a4 42. h5 Ra2+ 43. Kxd3 Rh2 44. Kd4 Rxh5 45. Rb7+ Ka6 46.
Rb8 Rh7 47. Kxd5 Ka5 48. f5 Ra7 49. e4 a3 50. Rb1 a2 51. Ra1 Kb6 52. Kd6 Kb7
53. f6 Kc8 54. Ke6 Kd8 55. e5 Ke8 56. Kd6 Rd7+ 57. Ke6 1/2-1/2

[Event "SC Rochade Emsdetten 2-SK Metelen 1"]
[Site "?"]
[Date "2023.09.23"]
[Round "1.3"]
[White "Buijnsters, Floris"]
[Black "Colmer, Willi"]
[Result "1-0"]
[WhiteElo "1657"]
[BlackElo "1735"]
[PlyCount "95"]
[EventDate "2023.??.??"]
[SourceTitle "Verband Muensterland"]
[SourceDate "2023.10.23"]
[SourceVersion "1"]
[SourceVersionDate "2023.10.23"]
[SourceQuality "1"]
[WhiteTeam "Metelen"]
[BlackTeam "Emsdetten Rochade II"]
[WhiteTeamCountry "GER"]
[BlackTeamCountry "GER"]

1. e4 c5 2. Nf3 g6 3. c4 Bg7 4. d4 cxd4 5. Nxd4 Nc6 6. Be3 e6 7. Nc3 a6 8. Be2
Nge7 9. O-O O-O 10. Rc1 d5 11. cxd5 exd5 12. exd5 Nxd5 13. Nxd5 Nxd4 14. Bxd4
Qxd5 15. Bxg7 Qxd1 16. Rfxd1 Kxg7 17. Bf3 Rb8 18. Rc7 Be6 19. a3 Rfc8 20. Rxc8
Rxc8 21. Bxb7 Rb8 22. Bxa6 Rxb2 23. Ra1 Rb6 24. Be2 Bc8 25. a4 Ba6 26. a5 Re6
27. Bxa6 Rxa6 28. f4 Kf6 29. Kf2 Kf5 30. Kf3 h5 31. g3 g5 32. fxg5 Kxg5 33. Ke4
h4 34. Kd5 hxg3 35. hxg3 Kg4 36. Ra3 Kh3 37. Kc5 f5 38. Kb5 Rg6 39. a6 Rxg3 40.
Rxg3+ Kxg3 41. a7 f4 42. a8=Q f3 43. Qg8+ Kh2 44. Qh7+ Kg1 45. Qg6+ Kf1 46. Kc4
f2 47. Kd3 Ke1 48. Qg3 1-0

[Event "SC Rochade Emsdetten 2-SK Metelen 1"]
[Site "?"]
[Date "2023.09.23"]
[Round "1.4"]
[White "Schulte, Ralf"]
[Black "Wigger, Frank"]
[Result "0-1"]
[WhiteElo "1762"]
[BlackElo "1873"]
[PlyCount "66"]
[EventDate "2023.??.??"]
[SourceTitle "Verband Muensterland"]
[SourceDate "2023.10.23"]
[SourceVersion "1"]
[SourceVersionDate "2023.10.23"]
[SourceQuality "1"]
[WhiteTeam "Emsdetten Rochade II"]
[BlackTeam "Metelen"]
[WhiteTeamCountry "GER"]
[BlackTeamCountry "GER"]

1. d4 Nf6 2. Nf3 c5 3. c3 e6 4. Bg5 d5 5. e3 Be7 6. Be2 Qb6 7. Qc2 Bd7 8. Nbd2
O-O 9. O-O Bb5 10. Bxb5 Qxb5 11. dxc5 Qxc5 12. Nb3 Qb6 13. Nbd4 Nc6 14. Rab1
Rac8 15. Nxc6 bxc6 16. Ne5 Qc7 17. Nf3 Ne4 18. Bxe7 Qxe7 19. Rfd1 Rb8 20. Ne5
Qc7 21. Nf3 Qa5 22. a3 Rb7 23. Rd4 Rfb8 24. Rb4 Nd6 25. Nd4 Qc7 26. Qa4 c5 27.
Rxb7 Qxb7 28. Nf3 Ne4 29. Re1 Qxb2 30. Qxa7 Qxf2+ 31. Kh1 Qb2 32. Ne5 Qb7 33.
Qa5 Ra8 0-1

[Event "SC Rochade Emsdetten 2-SK Metelen 1"]
[Site "?"]
[Date "2023.09.23"]
[Round "1.5"]
[White "Bueckers, Bernhard"]
[Black "Peters, Tobias"]
[Result "0-1"]
[WhiteElo "1667"]
[BlackElo "1526"]
[PlyCount "70"]
[EventDate "2023.??.??"]
[SourceTitle "Verband Muensterland"]
[SourceDate "2023.10.23"]
[SourceVersion "1"]
[SourceVersionDate "2023.10.23"]
[SourceQuality "1"]
[WhiteTeam "Metelen"]
[BlackTeam "Emsdetten Rochade II"]
[WhiteTeamCountry "GER"]
[BlackTeamCountry "GER"]

1. c4 f5 2. g3 Nf6 3. Bg2 d6 4. Nc3 e5 5. e3 Be7 6. Nge2 O-O 7. d3 c6 8. b3 a5
9. Bb2 Na6 10. O-O Qe8 11. Na4 Be6 12. Qd2 Bd8 13. Nac3 Bc7 14. Rac1 Rd8 15.
Kh1 Qh5 16. f4 Ng4 17. h3 Rf6 18. Kg1 Nh6 19. Kf2 Qg6 20. Ng1 Bb6 21. Nce2 Bc7
22. Nf3 Nf7 23. Nh4 Qh6 24. d4 g5 25. Nf3 gxf4 26. exf4 Rg6 27. Nh4 Rg7 28. Qe3
Re8 29. Qc3 Bd7 30. c5 exf4 31. Nxf4 dxc5 32. dxc5 Bxf4 33. Qxg7+ Qxg7 34. Bxg7
Be3+ 35. Kf3 Ng5+ 0-1

[Event "SC Rochade Emsdetten 2-SK Metelen 1"]
[Site "?"]
[Date "2023.09.23"]
[Round "1.6"]
[White "Siebald, Joerg"]
[Black "Denkler, Juergen"]
[Result "0-1"]
[WhiteElo "1750"]
[BlackElo "1710"]
[PlyCount "62"]
[EventDate "2023.??.??"]
[SourceTitle "Verband Muensterland"]
[SourceDate "2023.10.23"]
[SourceVersion "1"]
[SourceVersionDate "2023.10.23"]
[SourceQuality "1"]
[WhiteTeam "Emsdetten Rochade II"]
[BlackTeam "Metelen"]
[WhiteTeamCountry "GER"]
[BlackTeamCountry "GER"]

1. e4 e6 2. d3 d5 3. Nd2 Nf6 4. Ngf3 c5 5. g3 Be7 6. Bg2 Nc6 7. O-O O-O 8. e5
Nd7 9. Qe2 Qc7 10. Re1 b6 11. c3 Ba6 12. Nf1 Rac8 13. Bf4 h6 14. h4 d4 15. c4
Bb7 16. Qd2 Kh7 17. N1h2 h5 18. Qe2 g6 19. Bg5 Rh8 20. g4 Kg7 21. Qd2 Bxg5 22.
Qxg5 Nb4 23. Qd2 Bxf3 24. Bxf3 Nxe5 25. Be2 hxg4 26. a3 Nbc6 27. Bxg4 Rxh4 28.
f3 Rch8 29. Re2 f5 30. f4 Nxg4 31. Nxg4 Rxg4+ 0-1

[Event "SC Rochade Emsdetten 2-SK Metelen 1"]
[Site "?"]
[Date "2023.09.23"]
[Round "1.7"]
[White "Knocks, Elmar"]
[Black "Borgmann, Simon"]
[Result "1/2-1/2"]
[WhiteElo "1726"]
[BlackElo "1471"]
[PlyCount "50"]
[EventDate "2023.??.??"]
[SourceTitle "Verband Muensterland"]
[SourceDate "2023.10.23"]
[SourceVersion "1"]
[SourceVersionDate "2023.10.23"]
[SourceQuality "1"]
[WhiteTeam "Metelen"]
[BlackTeam "Emsdetten Rochade II"]
[WhiteTeamCountry "GER"]
[BlackTeamCountry "GER"]

1. c4 Nf6 2. Nc3 d5 3. d4 e6 4. Nf3 c5 5. Bg5 dxc4 6. e3 Be7 7. Bxc4 O-O 8.
dxc5 Bxc5 9. O-O Nc6 10. Qxd8 Rxd8 11. Rfd1 Be7 12. Bb5 Bd7 13. Rac1 a6 14.
Bxc6 Bxc6 15. Ne5 Be8 16. Nc4 Rxd1+ 17. Rxd1 Rd8 18. Rxd8 Bxd8 19. Ne4 Nxe4 20.
Bxd8 Bd7 21. f3 Nc5 22. b3 b5 23. Ne5 Be8 24. Be7 Nb7 25. Nd3 f6 1/2-1/2

[Event "SC Rochade Emsdetten 2-SK Metelen 1"]
[Site "?"]
[Date "2023.09.23"]
[Round "1.8"]
[White "Willermann, Norbert"]
[Black "Blanke, Martin"]
[Result "1/2-1/2"]
[WhiteElo "1643"]
[BlackElo "1602"]
[PlyCount "59"]
[EventDate "2023.??.??"]
[SourceTitle "Verband Muensterland"]
[SourceDate "2023.10.23"]
[SourceVersion "1"]
[SourceVersionDate "2023.10.23"]
[SourceQuality "1"]
[WhiteTeam "Emsdetten Rochade II"]
[BlackTeam "Metelen"]
[WhiteTeamCountry "GER"]
[BlackTeamCountry "GER"]

1. e4 e5 2. Nf3 Nc6 3. Bc4 Bc5 4. c3 Nf6 5. d4 exd4 6. cxd4 Bb4+ 7. Nc3 Nxe4 8.
Qb3 Bxc3+ 9. bxc3 O-O 10. Ba3 d6 11. Qc2 Ng5 12. Nxg5 Qxg5 13. O-O Bf5 14. Qe2
Rfe8 15. Qf3 Qf6 16. Rfe1 Na5 17. Bb5 c6 18. Bf1 d5 19. Bb4 Nc4 20. Bxc4 dxc4
21. Re3 Rxe3 22. Qxe3 Qe6 23. Re1 Re8 24. Qxe6 Rxe6 25. Rxe6 fxe6 26. f4 Kf7
27. Kf2 Bd3 28. Bd6 g6 29. Be5 Ke7 30. Ke3 1/2-1/2